Writing creative nonfiction the literature of reality (Registro nro. 40434)

Detalles MARC
000 -ENCABEZADO
Número de control [NR] 01058nam a2200289Ia 4500
008 - DE LONGITUD FIJA DE DATOS DE ELEMENTOS - INFORMACIÓN GENERAL
Elementos de longitud fija [NR] 130821s1996 xxuab gr eng
020 ## - NUMERO INTERNACIONAL NORMALIZADO PARA LIBROS [R]
Número Internacional Normalizado del libro [NR] 60465875
040 ## - FUENTE DE CATALOGACION [NR]
Agencia de catalogación original [NR] Co-BoUCM
Idioma de catalogación [NR] Español
Quien Cataloga
Quien Clasifica
041 00 - CODIGO DE IDIOMA [R]
Código de idioma para texto/pista de sonido o título separado [R] Inglés
082 04 - NUMERO DE CLASIFICACION DECIMAL DEWEY [R]
Número de clasificación [R] 808.0427
Número de la edición [NR] 20
100 1# - ASIENTO PRINCIPAL--NOMBRE PERSONAL [NR]
Nombre personal [NR] Talese, Gay
ID Autoridad 32646
245 10 - MENCION DE TITULO [NR]
Título [NR] Writing creative nonfiction the literature of reality
Mención de responsabilidad, etc. [NR] Gay Talese, Barbara Lounsberry
246 30 - FORMA VARIANTE DEL TITULO [R]
Título propiamente dicho/forma breve del título [NR] Literature of reality
260 ## - PUBLICACION, DISTRIBUCION, ETC. (PIE DE IMPRENTA) [R]
Lugar de publicación, distribución, etc. [R] Nueva York (Estados Unidos)
Nombre del editor, distribuidor, etc. [R] HarperCollins College Publishers
Fecha de publicación, distribución, etc. [R] 1996
300 ## - DESCRIPCION FISICA [R]
Extensión [R] viii, 339 páginas
Otros detalles físicos [NR] ilustraciones, mapas
504 ## - NOTA DE BIBLIOGRAFIA, ETC. [R]
Nota de bibliografía, etc. [NR] Incluye referencias bibliográficas e índices
650 07 - ASIENTO SECUNDARIO DE MATERIA - TERMINO TEMATICO [R]
Término temático o nombre geográfico como elemento de entrada [NR] Escritura creativa
9 (RLIN) 14809
650 07 - ASIENTO SECUNDARIO DE MATERIA - TERMINO TEMATICO [R]
Término temático o nombre geográfico como elemento de entrada [NR] Exposición (Retorica)
9 (RLIN) 15459
650 07 - ASIENTO SECUNDARIO DE MATERIA - TERMINO TEMATICO [R]
Término temático o nombre geográfico como elemento de entrada [NR] Lectores académicos
9 (RLIN) 18307
650 07 - ASIENTO SECUNDARIO DE MATERIA - TERMINO TEMATICO [R]
Término temático o nombre geográfico como elemento de entrada [NR] Literatura inglesa
9 (RLIN) 272
650 07 - ASIENTO SECUNDARIO DE MATERIA - TERMINO TEMATICO [R]
Término temático o nombre geográfico como elemento de entrada [NR] Literatura
9 (RLIN) 18599
650 07 - ASIENTO SECUNDARIO DE MATERIA - TERMINO TEMATICO [R]
Término temático o nombre geográfico como elemento de entrada [NR] Periodismo
Subdivisión general [R] Autoría
9 (RLIN) 7909
650 07 - ASIENTO SECUNDARIO DE MATERIA - TERMINO TEMATICO [R]
Término temático o nombre geográfico como elemento de entrada [NR] Reportajes
Subdivisión general [R] Autoría
9 (RLIN) 23568
690 ## - ASUNTO AGREGADO LOCAL DE ENTRADA - TÉRMINO TEMÁTICO (OCLC, RLIN)
Acceso temático local Literatura
700 1# - ASIENTO SECUNDARIO - NOMBRE PERSONAL [R]
Nombre personal [NR] Lounsberry, Barbara
9 (RLIN) 30225
942 ## - ELEMENTOS DE ENTRADA AGREGADOS (KOHA)
Tipo de ítem principal el descrito en 300a Libro
Tema principal Literatura
Edición 1
Parte restante de la signatura top. T143L
Sistema de clasificación DEWEY
Clasificación 808.0427
Existencias
Suprimido Perdido Sistema de clasificación Dañado No prestable Tipo de ítem específico Ubicación habitual Ubicación actual Localización Fecha de creación Forma de adquisición Costo Total préstamos Total Renewals Signatura topográfica Código de barras Última vez visto Fecha de último préstamo Ejemplar Price effective from Tipo de ítem
    DEWEY     Libro Claustro Claustro 2do piso 28/02/2013 Compra 89950.00 2 9 808.0427 T143L 100129257 06/12/2025 31/01/2020 Ej.1 03/02/2013 Libro
    DEWEY     Libro Claustro Claustro 2do piso 19/02/2013 Donación 26000.00     808.0427 T143L 100130215 06/12/2025   Ej.2 19/02/2013 Libro
    DEWEY     Libro Claustro Claustro 2do piso 12/03/2013 Compra 144000.00 1   808.0427 T143L 100130673 06/12/2025 30/10/2018 Ej.3 18/03/2013 Libro